Les objets du sacre. - Statistiques

Statistiques générales
  • Ce quiz a été pris 389 fois
  • Le résultat moyen est 3 sur 7
Statistiques - réponses
Objets % Correct
Couronne
97%
Sceptre
80%
Epée
53%
Main de Justice
45%
Manteau du sacre
40%
Anneau
13%
Eperons
11%
Aucun quiz correspondant
Distribution des résultats
% des personnes avec chaque résultat
Percentile par nombre de réponses
Votre historique - résultats
Vous n’avez pas pris ce quiz